Arch Manual. Design, Concept, Script, Process /

Na minha lista:
Detalhes bibliográficos
Formato: Livro
Idioma:inglês
Publicado em: Stanford : AADCU, 2010
Assuntos:
Tags: Adicionar Tag
Sem tags, seja o primeiro a adicionar uma tag!

MARC

LEADER 00000nam a22000003a 4500
001 stu219745
005 20141123090908.9
008 110104s2010------------------------eng-d
020 |a 978-7-5609-6040-1 
040 |a STU  |b slo 
041 0 |a eng 
245 |a Arch Manual. Design, Concept, Script, Process /  |c Ed.by Bruce Q.Lan 
260 |a Stanford :  |b AADCU,  |c 2010 
300 |a 486 s 
650 7 |a architektúra súčasná  |2 stusub 
996 |b 284AU04648  |c A*7184 U  |l AAKNST  |s P  |a 0  |w stu219745_0001